Tilastot visalle Maantiedettä kirjaimittain - O

Klikkaa tästä pelataksesi tätä visaa!

Yleistilastot

  • Tätä visaa on pelattu 609 kertaa
  • Keskiarvotulos 12 / 20

Vastaustilastot

VihjeVastaus% Oikein
Norjan pääkaupunkiOslo
100%
Kanadan pääkaupunkiOttawa
95%
Jemenin naapurimaaOman
93%
Englannin vanhin ja maineikas yliopistoOxford
83%
Tunnettu festivaali MünchenissäOktoberfest
81%
Japanin toiseksi väkirikkain kaupunkialueOsaka
74%
Borneolla elävä ihmisapinalajiOranki
69%
Ensimmäisen maailmansodan jälkeen lakkautettu turkkilainen valtakuntaOsmanien valtakunta
69%
Yhdysvaltain osavaltio Tyynenmeren rannallaOregon
68%
Mytologiassa kreikkalaisten jumalien asuttama vuoriOlympos
67%
Ukrainan suurin rannikkokaupunkiOdessa
64%
Kanadan väkirikkain provinssiOntario
60%
Julmasta kaupasta peräisin oleva entinen nimitys muun muassa Nigerian, Beninin ja Togon rannikkoalueille{Orja}rannikko
60%
Toisen maailmansodan taistelusta tunnettu Japanin eteläinen saari, josta karate on lähtöisinOkinawa
48%
Honolulu sijaitsee tällä saarellaOahu
38%
Suurin kaupunki Fynin saarella TanskassaOdense
38%
Manchester Unitedin kotistadionOld Trafford
38%
Muodostaa osan Saksan ja Puolan välisestä rajastaOder
30%
Osan Etelä-Afrikan ja Namibian välisestä rajasta muodostava jokiOranje
26%
Botswanassa Kalaharin aavikon vieressä sijaitsevaan suistoon laskeva jokiOkavango
10%

Tulosjakauma

Persentiili vastausten määrän mukaan

Jokaisen tuloksen saaneiden osuus

Tuloshistoriasi

Et ole pelannut tätä visaa